000 00281nam a2200121 a 4500
008 101022s1976|||| d
100 1 _aLidmanová, Sara
245 1 0 _aS piatimi diamantami
260 _bPravda
_aBratislava
_c1976
020 _c26
041 _aslo
044 _axo
_cSK
999 _c12041
_d12041